Beneficios económicos derivados de los planes hidro cartográficos y oceanográficos en Chile
Gardado en:
| Autor Corporativo: | |
|---|---|
| Formato: | Libro |
| Idioma: | Lingua castelá |
| Publicado: |
Valparaíso
Armada de Chile
1995
|
| Subjects: | |
| Tags: |
Engadir etiqueta
Sen Etiquetas, Sexa o primeiro en etiquetar este rexistro!
|
MARC
| LEADER | 00000nam a2200000 a 4500 | ||
|---|---|---|---|
| 001 | UCQ5827 | ||
| 003 | CL-VaPUC | ||
| 008 | 981002e19950000CL |||||||||||||||||spa|d | ||
| 082 | 0 | 4 | |a 387.5 |b ARM |2 21 |
| 110 | 2 | |a Armada de Chile |e author |9 419830 | |
| 245 | 1 | 0 | |a Beneficios económicos derivados de los planes hidro cartográficos y oceanográficos en Chile |
| 300 | |a 38 p | ||
| 942 | |c BK | ||
| 945 | |d 19981002 00:00:00 |a mvenant | ||
| 260 | |a Valparaíso |b Armada de Chile |c 1995 | ||
| 650 | 0 | |a Transporte marítimo |9 260127 | |
| 650 | 0 | |a Recursos marinos |9 261196 | |
| 650 | 7 | |a CONTAMINACION MARINA |2 CL-VaPUC |9 419831 | |
| 650 | 7 | |a HIDROGRAFIA |2 CL-VaPUC |9 261115 | |
| 650 | 0 | |a Mapas |9 260844 | |
| 650 | 0 | |a Cartografía |9 266055 | |
| 651 | 7 | |a CHILE |2 CL-VaPUC |9 419832 | |
| 583 | |a last modification |c 19981002 00:00:00 |k Rodrigo Vera | ||
| 999 | |c 275957 |d 275955 | ||